Understanding Organizational Behaviour (Record no. 22169)
[ view plain ]
| 000 -LEADER | |
|---|---|
| fixed length control field | 00335nam a22001337a 4500 |
| 020 ## - INTERNATIONAL STANDARD BOOK NUMBER | |
| ISBN | 978-0-19-569086-6 |
| 082 ## - DEWEY DECIMAL CLASSIFICATION NUMBER | |
| Classification number | 302.35 |
| 100 ## - MAIN ENTRY--AUTHOR NAME | |
| Personal name | Pareek, Udai |
| 245 ## - TITLE STATEMENT | |
| Title | Understanding Organizational Behaviour |
| 250 ## - EDITION STATEMENT | |
| Edition statement | 2nd |
| 260 ## - PUBLICATION, DISTRIBUTION, ETC. (IMPRINT) | |
| Place of publication | New York: |
| Name of publisher | Oxford University Press, |
| Year of publication | 2007 |
| 300 ## - PHYSICAL DESCRIPTION | |
| Number of Pages | viii, 798p.: ill.; 24cm |
| 942 ## - ADDED ENTRY ELEMENTS (KOHA) | |
| Koha item type | Books |
| Withdrawn status | Lost status | Damaged status | Not for loan | Collection code | Permanent Location | Current Location | Shelving location | Date acquired | Source of acquisition | Full call number | Accession Number | Price effective from | Koha item type |
|---|---|---|---|---|---|---|---|---|---|---|---|---|---|
| Non-fiction | IFM Main Campus Library | IFM Main Campus Library | Work Room processing | 01/16/2026 | Purchased | 302.35 PAR | 0000030943 | 01/16/2026 | Books | ||||
| Non-fiction | IFM Main Campus Library | IFM Main Campus Library | Work Room processing | 01/16/2026 | Purchased | 302.35 PAR | 0000030942 | 01/16/2026 | Books | ||||
| Non-fiction | IFM Main Campus Library | IFM Main Campus Library | Work Room processing | 01/16/2026 | Purchased | 302.35 PAR | 0000030941 | 01/16/2026 | Books |
